Biology / (Record no. 12209)
[ view plain ]
| 000 -LEADER | |
|---|---|
| fixed length control field | 00701cam a22002412 4500 |
| 001 - CONTROL NUMBER | |
| control field | 0000023808 |
| 005 - DATE AND TIME OF LATEST TRANSACTION | |
| control field | 20151217155235.0 |
| 008 - FIXED-LENGTH DATA ELEMENTS--GENERAL INFORMATION | |
| fixed length control field | 130326s xx 000 0 eng d |
| 020 ## - INTERNATIONAL STANDARD BOOK NUMBER | |
| International Standard Book Number | 0071222068 |
| 040 ## - CATALOGING SOURCE | |
| Original cataloging agency | KABU |
| Transcribing agency | KABU |
| 050 #0 - LIBRARY OF CONGRESS CALL NUMBER | |
| Classification number | QH308.2 |
| Item number | ..M37 2008 |
| 100 1# - MAIN ENTRY--PERSONAL NAME | |
| Personal name | Mason, Kenneth. |
| -- | 0000183525 |
| 245 10 - TITLE STATEMENT | |
| Title | Biology / |
| Statement of responsibility, etc. | Kenneth A. Mason... [et al] |
| 250 ## - EDITION STATEMENT | |
| Edition statement | 9th ed. |
| 260 ## - PUBLICATION, DISTRIBUTION, ETC. (IMPRINT) | |
| Place of publication, distribution, etc. | New York : |
| Name of publisher, distributor, etc. | McGraw-Hill, |
| Date of publication, distribution, etc. | 2008. |
| 300 ## - PHYSICAL DESCRIPTION | |
| Extent | 1 v. (various pagings) |
| 650 #0 - SUBJECT ADDED ENTRY--TOPICAL TERM | |
| Topical term or geographic name as entry element | Biology. |
| -- | 0000003707 |
| 700 1# - ADDED ENTRY--PERSONAL NAME | |
| Personal name | Raven, Peter H. |
| -- | 0000104642 |
| 700 1# - ADDED ENTRY--PERSONAL NAME | |
| Personal name | Losos, Jonathan B. |
| -- | 0000183526 |
| 852 1# - LOCATION | |
| -- | 3604 KES |
| 908 ## - PUT COMMAND PARAMETER (RLIN) | |
| Put command parameter | 130326 |
| 950 ## - LOCAL HOLDINGS (RLIN) | |
| -- | 1 |
| Withdrawn status | Lost status | Source of classification or shelving scheme | Not for loan | Home library | Current library | Date acquired | Total Checkouts | Full call number | Barcode | Date last seen | Date last checked out | Price effective from | Koha item type |
|---|---|---|---|---|---|---|---|---|---|---|---|---|---|
| Library of Congress Classification | Kabarak, Main Campus | Kabarak, Main Campus | 17/12/2015 | 1 | QH308.2 .M37 2008 c.1 | 014865 | 02/12/2019 | 14/11/2019 | 17/12/2015 | General Collection |